00277nam a2200109 a 4500008004100000050001500041100002300056245002100079260003600100300002200136350000900158120416s1976 xx |||||||||||||| || u aTH 145 Han aHandisyde, Cecil C10aEveryday details abThe Architectural Pressc1976 avii, 109p. : ill. a0.00